01273nam a2200349Ia 450000100060000000300100000600500170001600700030003300800410003602000180007704000350009504100080013008400110013810000330014924500880018225000220027026400310029230000260032333600270034933700330037633800280040950000360043750000210047350500860049465000320058065000430061265000470065570000590070294200150076199900170077695201300079357252CO-BoRNBP20250606163441.0ta180109s2015 ck g 000 0 spa  a9789588886305 aCO-BoRNBPbspaerdacCO-BoRNBP aspa aN ACH11 aAchebe, Chinua,d1930-9116510aTrilogía africanacChinua Achebe ; prólogo de Marta Sofía López Rodríguez aPrimera edición 1aBogotábDebolsilloc2015 a703 páginasc19 cm. atextobtxt2rdacontent asin mediaciónbn2rdamedia avolumenbnc2rdacarrier aIncluye información del autor aincluye glosario0 a1. Todo se desmorona -- 2. Me alegraría de otra muerte -- 3. La flecha del dios00aAfricavNovela2LEMB96012100aNovela nigerianaySiglo XX2LEMB9116600aLiteratura nigerianaySiglo XX2LEMB911671 aLópez Rodríguez, Marta Sofíaeprologuista960122 2loccBKLIT c57252d57252 00102ddc40708GENaMECASARIbMECASARIcGENd2025-06-06l0oN ACH1pMDA001140r2025-06-06 16:35:01tEj.1w2025-06-06yBKLIT